000 00597nam a2200241Ia 4500
003 OSt
005 20221005131756.0
006 a|||||r|||| 00| 0
007 ta
008 221004b |||||||| |||| 00| 0 mal d
024 _a57342
037 _cTextual
040 _aCRL
_cCRL
_bmal
041 _2mal
_amal
082 _aO32,6M761x, H4
100 _aSukumaran
_9627872
245 0 _aSukumaragadyamamehari
260 _c1934
300 _a88
_ccm.
650 _aMALAYALAM PROSE
_9187524
942 _hO32,6M761x, H4
_cTEXL
_2cc
999 _c1061369
_d1061369